书目信息 |
| 题名: |
中国战争史
|
|
| 作者: | 武国卿 著 | |
| 分册: | (四) | |
| 出版信息: | 北京 金城出版社 1992.8 |
|
| 页数: | 490页 | |
| 开本: | 20cm | |
| 丛书名: | ||
| 单 册: | ||
| 中图分类: | E29 | |
| 科图分类: | ||
| 主题词: | 军事史--中国 , 战争史--中国 | |
| 电子资源: | ||
| ISBN: | 7-80084-007-7 | |
| 000 | 00562nam0 2200205 45 | |
| 001 | 0404221488 | |
| 005 | 20050404144146.4 | |
| 010 | @a7-80084-007-7@dCNY9.70 | |
| 100 | @a20040422d1992 km y0chiy0120 ea | |
| 101 | 0 | @achi |
| 105 | @aa z 000yy | |
| 200 | 1 | @a中国战争史@AZhong Guo Zhan Zheng Shi@h(四)@f武国卿著@FWu Guo Qing Zhu |
| 210 | @a北京@c金城出版社@d1992.8 | |
| 215 | @a490页@c地图@d20cm | |
| 606 | 0 | @a军事史@x中国 |
| 606 | 0 | @a战争史@x中国 |
| 690 | @aE29@v3 | |
| 701 | 0 | @a武国卿@4著 |
| 801 | @aCN@bTSTCL@c20040422 | |
| 905 | @dE29@e37:4@b263834@f1 | |
| 中国战争史.(四)/武国卿著.-北京:金城出版社,1992.8 |
| 490页:地图;20cm |
| ISBN 7-80084-007-7:CNY9.70 |
| ● |
| 相关链接 |
|
|
|
|
正题名:中国战争史
索取号:E29/37:4
 
预约/预借
| 序号 | 登录号 | 条形码 | 馆藏地/架位号 | 状态 | 备注 |
| 1 | 0263832 | 001261814 | 第一样本阅览室/ [索取号:E29/37:4] | 在馆 | |
| 2 | 0263833 | 001261850 | 第一借阅区/ [索取号:E29/37:4] | 在馆 | |
| 3 | 0263834 | 002007018 | 密集书库/ [索取号:E29/37:4] | 在馆 |